[Event "RSA-ch"]
[Site "Cape Town"]
[Date "2019.12.15"]
[Round "9"]
[White "Barrish, Daniel"]
[Black "Gluckman, Paul"]
[Result "1-0"]
[WhiteElo "2363"]
[BlackElo "1943"]
[PlyCount "129"]
[EventDate "2019.12.07"]
[EventType "tourn"]
[EventRounds "11"]
[EventCountry "RSA"]
[SourceTitle "CBM 193 Extra"]
[Source "ChessBase"]
[SourceDate "2020.01.31"]
[SourceVersion "1"]
[SourceVersionDate "2020.01.31"]
[SourceQuality "1"]

1. d4 e6 2. c4 f5 3. Nf3 Nf6 4. Nc3 Be7 5. g3 0-0 6. Bg2 d5 7. 0-0 c6 8. b3 Ne4 9. Qc2 a5 10. Nd1 Bd7 11. Nb2 Be8 12. Nd3 Nd6 13. Ba3 g5 14. Nfe5 Nd7 15. f4 Nxe5 16. dxe5 Nc8 17. Bxe7 Qxe7 18. c5 Kh8 19. e3 Rg8 20. Ne1 Bh5 21. Rf2 Qc7 22. Qc3 Na7 23. Bf1 Nb5 24. Qd2 gxf4 25. exf4 b6 26. Rc1 bxc5 27. Rxc5 Qb6 28. Qc1 Na7 29. Qc3 Qb4 30. Nc2 Qxc3 31. Rxc3 a4 32. b4 Rab8 33. a3 Be8 34. Nd4 Bd7 35. Rc5 Rgc8 36. Rfc2 Kg8 37. Ba6 Rd8 38. Ra5 Kf8 39. Rcc5 Nb5 40. Bxb5 cxb5 41. Ra7 Ke8 42. Rac7 Rb6 43. Kf2 Rdb8 44. Kg2 R6b7 45. Kh3 Rxc7 46. Rxc7 Kd8 47. Rc5 Ke7 48. Kh4 h5 49. Rc7 Kd8 50. Rc2 Ke7 51. Kh3 Kd8 52. Kg2 Rb6 53. Kf2 Ke7 54. Ke3 Kd8 55. Nf3 Rb7 56. Ng5 Rb8 57. Nh7 Be8 58. Nf6 Bf7 59. Rc6 Rb7 60. Kd4 Ke7 61. Rc8 Bg6 62. Kc5 Kf7 63. Kc6 Ra7 64. Kxb5 d4 65. Kc4 1-0

[Event "RSA-ch"]
[Site "Cape Town"]
[Date "2019.12.12"]
[Round "6"]
[White "Gluckman, Paul"]
[Black "De Abreu, Roberto N"]
[Result "0-1"]
[WhiteElo "1943"]
[BlackElo "2126"]
[PlyCount "70"]
[EventDate "2019.12.07"]
[EventType "tourn"]
[EventRounds "11"]
[EventCountry "RSA"]
[SourceTitle "CBM 193 Extra"]
[Source "ChessBase"]
[SourceDate "2020.01.31"]
[SourceVersion "1"]
[SourceVersionDate "2020.01.31"]
[SourceQuality "1"]

1. e4 c5 2. Nf3 Nc6 3. d4 cxd4 4. Nxd4 Nf6 5. Nc3 e5 6. Ndb5 d6 7. Bg5 a6 8. Bxf6 gxf6 9. Na3 b5 10. Nd5 f5 11. Bd3 Be6 12. c3 Bg7 13. Nxb5 Bxd5 14. exd5 Ne7 15. Na3 0-0 16. 0-0 e4 17. Bc2 Ng6 18. Qh5 Re8 19. Nc4 f4 20. Ba4 Re7 21. Bc6 Ne5 22. Nxe5 Rxe5 23. Qg4 f3 24. g3 Rb8 25. Rab1 f5 26. Qh3 Qe7 27. Kh1 Rf8 28. b4 e3 29. fxe3 Rxe3 30. Qh4 Qe4 31. c4 f4 32. Qh3 fxg3 33. hxg3 f2+ 34. Qg2 Qxb1 35. Rxb1 Re1+ 0-1

[Event "RSA-ch"]
[Site "Cape Town"]
[Date "2019.12.10"]
[Round "4"]
[White "Gluckman, Paul"]
[Black "Kobese, Watu"]
[Result "1/2-1/2"]
[WhiteElo "1943"]
[BlackElo "2342"]
[PlyCount "144"]
[EventDate "2019.12.07"]
[EventType "tourn"]
[EventRounds "11"]
[EventCountry "RSA"]
[SourceTitle "CBM 193 Extra"]
[Source "ChessBase"]
[SourceDate "2020.01.31"]
[SourceVersion "1"]
[SourceVersionDate "2020.01.31"]
[SourceQuality "1"]

1. e4 e5 2. Nf3 Nc6 3. Bb5 a6 4. Ba4 Nf6 5. d3 d6 6. c3 g6 7. 0-0 Bg7 8. h3 0-0 9. Re1 b5 10. Bb3 Na5 11. Bc2 c5 12. d4 cxd4 13. cxd4 exd4 14. Nxd4 Bb7 15. a3 Rc8 16. Nc3 Nc4 17. Nf3 Re8 18. Nd2 Nb6 19. Bb3 Rc7 20. f3 d5 21. exd5 Rxe1+ 22. Qxe1 Nfxd5 23. Nde4 Nxc3 24. Nxc3 Nc4 25. Bxc4 bxc4 26. Kh1 Re7 27. Qg1 Rd7 28. Be3 Rd3 29. Rc1 Qh4 30. Qe1 Qd8 31. Qf2 Be5 32. Re1 Qd7 33. Qh4 h5 34. Kg1 Qc7 35. Bf2 Kg7 36. Nd1 Bf6 37. Qg3 Qd8 38. Ne3 Qc8 39. Rc1 c3 40. bxc3 Rxc3 41. Rb1 Rc1+ 42. Rxc1 Qxc1+ 43. Kh2 Qxa3 44. Nf5+ Kh7 45. Nd6 Bd5 46. Ne8 Qe7 47. Nxf6+ Qxf6 48. Qh4 Qxh4 49. Bxh4 a5 50. Bf6 Kg8 51. Kg3 Kf8 52. Kf4 Ke8 53. Ke5 Bb7 54. Kd6 a4 55. h4 a3 56. g4 Bxf3 57. g5 a2 58. Kc7 Be4 59. Kd6 Bf3 60. Kc7 a1Q 61. Bxa1 Ke7 62. Bc3 Ke6 63. Kd8 Bc6 64. Kc7 Ba4 65. Kd8 Bb5 66. Kc7 Kd5 67. Kd8 Kd6 68. Bb4+ Ke5 69. Ke7 Bc4 70. Ba5 Kf5 71. Bc3 Bb3 72. Bd2 Ke5 1/2-1/2

[Event "RSA-ch"]
[Site "Cape Town"]
[Date "2019.12.08"]
[Round "2"]
[White "Gluckman, Paul"]
[Black "Pon, Matt"]
[Result "1/2-1/2"]
[WhiteElo "1943"]
[BlackElo "2189"]
[PlyCount "56"]
[EventDate "2019.12.07"]
[EventType "tourn"]
[EventRounds "11"]
[EventCountry "RSA"]
[SourceTitle "CBM 193 Extra"]
[Source "ChessBase"]
[SourceDate "2020.01.31"]
[SourceVersion "1"]
[SourceVersionDate "2020.01.31"]
[SourceQuality "1"]

1. e4 e6 2. d4 d5 3. Nc3 Bb4 4. e5 c5 5. a3 Bxc3+ 6. bxc3 Ne7 7. Nf3 b6 8. Be2 Ba6 9. 0-0 Qc8 10. a4 Bxe2 11. Qxe2 Qa6 12. Qb5+ Qxb5 13. axb5 c4 14. Ba3 h6 15. Ra2 a5 16. bxa6 Rxa6 17. Rfa1 Nc8 18. Bb4 Rxa2 19. Rxa2 Nc6 20. Nd2 Kd7 21. Nb1 Kc7 22. Na3 N8a7 23. Bd6+ Kb7 24. Kf1 Ra8 25. Rb2 Rd8 26. Ke2 Nc8 27. Nb5 N6a7 28. Ba3 Kc6 1/2-1/2

[Event "Commonwealth-ch"]
[Site "New Delhi"]
[Date "2018.06.30"]
[Round "6"]
[White "Vantika, Agrawal"]
[Black "Gluckman, Paul"]
[Result "1/2-1/2"]
[WhiteElo "2279"]
[BlackElo "1922"]
[PlyCount "121"]
[EventDate "2018.06.26"]
[EventType "swiss"]
[EventRounds "9"]
[EventCountry "IND"]
[SourceTitle "CBM 185 Extra"]
[Source "ChessBase"]
[SourceDate "2018.07.29"]
[SourceVersion "1"]
[SourceVersionDate "2018.07.29"]
[SourceQuality "1"]

1. Nf3 Nf6 2. g3 g6 3. Bg2 c6 4. 0-0 Bg7 5. c4 0-0 6. Qb3 d5 7. Nc3 Qb6 8. d4 Qa6 9. c5 Ne4 10. Bf4 Nd7 11. Rfd1 e5 12. Nxe5 Nexc5 13. Qb4 Ne6 14. Nxd7 Bxd7 15. Bd6 Rfc8 16. e3 Qb6 17. Qxb6 axb6 18. a4 Re8 19. b4 Ng5 20. b5 Ne4 21. Nxe4 dxe4 22. Bf1 c5 23. Ra3 cxd4 24. exd4 Bg4 25. Rd2 Red8 26. Bc7 Rxd4 27. Raa2 h6 28. h3 Be6 29. Bxb6 Rxd2 30. Rxd2 Rxa4 31. Kg2 Kh7 32. Be3 Rb4 33. b6 Rb1 34. Be2 h5 35. g4 hxg4 36. hxg4 Bc3 37. Rc2 Ba5 38. Rc7 Rb2 39. Kf1 Bxb6 40. Rxb7 Bd4 41. Rxb2 Bxb2 42. f3 exf3 43. Bxf3 Kg7 44. g5 Kf8 45. Kf2 Ke7 46. Bf4 Bd4+ 47. Kg3 Bc5 48. Be2 Kd7 49. Bb5+ Ke7 50. Be2 Bb3 51. Bg4 Bc2 52. Be2 Bb4 53. Bc4 Be1+ 54. Kf3 Bd1+ 55. Ke4 Bg4 56. Be5 Be6 57. Ba6 Bd2 58. Bf4 Bxf4 59. Kxf4 Kd6 60. Bb5 Bc8 61. Bc4 1/2-1/2

[Event "RSA Inter Regional-ch"]
[Site "Boksburg"]
[Date "2018.01.11"]
[Round "5.2"]
[White "Gluckman, Paul"]
[Black "Sebowe, Stanley"]
[Result "1-0"]
[WhiteElo "1826"]
[BlackElo "1850"]
[PlyCount "67"]
[EventDate "2018.01.09"]
[EventType "team-swiss"]
[EventRounds "7"]
[EventCountry "RSA"]
[SourceTitle "CBM 189 Extra"]
[Source "ChessBase"]
[SourceDate "2019.05.31"]
[SourceVersion "1"]
[SourceVersionDate "2019.05.31"]
[SourceQuality "1"]
[WhiteTeam "Western Province Stalemates"]
[BlackTeam "Bojanala Platina"]
[WhiteTeamCountry "RSA"]
[BlackTeamCountry "RSA"]

1. e4 e5 2. Nf3 Nc6 3. Bb5 a6 4. Ba4 Nf6 5. 0-0 b5 6. Bb3 Bc5 7. Re1 0-0 8. c3 d6 9. h3 Be6 10. Bc2 Ne7 11. d4 exd4 12. cxd4 Bb4 13. Nc3 h6 14. a3 Ba5 15. b4 Bb6 16. Bb2 Ng6 17. Ne2 Re8 18. Qd2 Bc4 19. Ng3 Qd7 20. Nf5 Rxe4 21. Bxe4 Nxe4 22. Nxh6+ gxh6 23. Rxe4 Bd5 24. Rg4 Kh7 25. Bc1 Bxf3 26. Qxh6+ Kg8 27. gxf3 Qf5 28. Be3 Re8 29. Kh2 c5 30. dxc5 dxc5 31. Rag1 Re6 32. Rg5 Qxf3 33. Rxg6+ fxg6 34. Rxg6+ 1-0

[Event "RSA Inter Regional-ch"]
[Site "Boksburg"]
[Date "2018.01.09"]
[Round "2.2"]
[White "Makhubela, Linda"]
[Black "Gluckman, Paul"]
[Result "0-1"]
[WhiteElo "1777"]
[BlackElo "1826"]
[PlyCount "96"]
[EventDate "2018.01.09"]
[EventType "team-swiss"]
[EventRounds "7"]
[EventCountry "RSA"]
[SourceTitle "CBM 189 Extra"]
[Source "ChessBase"]
[SourceDate "2019.05.31"]
[SourceVersion "1"]
[SourceVersionDate "2019.05.31"]
[SourceQuality "1"]
[WhiteTeam "JHB Metro Cubs"]
[BlackTeam "Western Province Stalemates"]
[WhiteTeamCountry "RSA"]
[BlackTeamCountry "RSA"]

1. e4 c5 2. Nf3 Nc6 3. Nc3 Nf6 4. Bb5 g6 5. 0-0 Bg7 6. Bxc6 dxc6 7. d3 0-0 8. h3 Qc7 9. Be3 b6 10. Nh2 Rd8 11. Qe2 a5 12. f4 Ba6 13. Rad1 Nd7 14. Ng4 Nf6 15. f5 Nxg4 16. Qxg4 Qe5 17. Kh1 Ra7 18. Rf2 Bc8 19. Qf3 Qf6 20. Rdf1 e5 21. Qg3 Qd6 22. f6 Bf8 23. Qh4 Be6 24. b3 b5 25. a4 Rb7 26. Bh6 Bxh6 27. Qxh6 Qf8 28. Qg5 c4 29. axb5 cxb3 30. bxc6 Rc7 31. cxb3 Rxc6 32. Nd5 Bxd5 33. exd5 Rxd5 34. Qe3 Rc3 35. Qe4 Rcxd3 36. Rc2 Qd8 37. Qg4 h5 38. Qg5 Kh7 39. Re2 Qd6 40. Qh4 Rxb3 41. Qa4 Rb8 42. Qa2 Rb7 43. Ree1 Rd7 44. Qe2 Qe6 45. Qa2 Qc6 46. Qa3 Rd2 47. Qg3 R7d3 48. Qg5 Rxh3+ 0-1

[Event "Wch U16"]
[Site "Montevideo"]
[Date "2017.09.25"]
[Round "10"]
[White "Carroll, Peter"]
[Black "Gluckman, Paul"]
[Result "0-1"]
[WhiteElo "1741"]
[BlackElo "1849"]
[PlyCount "80"]
[EventDate "2017.09.17"]
[EventType "swiss"]
[EventRounds "11"]
[EventCountry "URU"]
[SourceTitle "EXT 2018"]
[Source "ChessBase"]
[SourceDate "2017.10.13"]
[SourceVersion "1"]
[SourceVersionDate "2017.10.13"]
[SourceQuality "1"]

1. e4 c5 2. Nc3 e6 3. f4 d5 4. Bb5+ Bd7 5. Bxd7+ Qxd7 6. d3 d4 7. Nce2 Bd6 8. Nf3 Nc6 9. 0-0 Nge7 10. b3 0-0 11. Qe1 b5 12. Qh4 f5 13. e5 Bc7 14. h3 Nb4 15. Ne1 Ng6 16. Qf2 Rfd8 17. a3 Nc6 18. Nf3 Bb6 19. a4 a6 20. axb5 axb5 21. Bb2 Nb4 22. Ng3 Nxf4 23. Rfe1 Nfd5 24. Nf1 Ne7 25. N1h2 Qc6 26. Qd2 Rxa1 27. Rxa1 Ra8 28. Rxa8+ Qxa8 29. Nxd4 Qd5 30. Ndf3 c4+ 31. d4 Nbc6 32. bxc4 Qxc4 33. c3 Nd5 34. Ng5 Nc7 35. g4 b4 36. Ngf3 Nb5 37. cxb4 Nbxd4 38. Kg2 Nxf3 39. Nxf3 Qe4 40. Kg3 Be3 0-1

[Event "South African op"]
[Site "Durban"]
[Date "2017.07.16"]
[Round "4"]
[White "Gluckman, Paul"]
[Black "Booysen, Neil"]
[Result "1-0"]
[WhiteElo "1981"]
[BlackElo "1710"]
[PlyCount "67"]
[EventDate "2017.07.14"]
[EventType "swiss"]
[EventRounds "11"]
[EventCountry "RSA"]
[SourceTitle "EXT 2018"]
[Source "ChessBase"]
[SourceDate "2017.10.13"]
[SourceVersion "1"]
[SourceVersionDate "2017.10.13"]
[SourceQuality "1"]

1. e4 e6 2. d4 d5 3. Nc3 Nf6 4. e5 Nfd7 5. f4 c5 6. Nf3 Nc6 7. Be3 a6 8. Be2 b5 9. a3 Be7 10. 0-0 0-0 11. Kh1 Qc7 12. Bd3 cxd4 13. Nxd4 Nc5 14. Nxc6 Qxc6 15. Bxc5 Bxc5 16. Qh5 g6 17. Qh6 b4 18. axb4 Bxb4 19. Ne2 Bc5 20. Ng3 f5 21. exf6 Rxf6 22. Nh5 Rf7 23. Bxg6 hxg6 24. Qxg6+ Kf8 25. f5 Raa7 26. Rae1 Rae7 27. Nf6 Rg7 28. Qh6 d4 29. Qh8+ Kf7 30. fxe6+ Rxe6 31. Nh5+ Kg6 32. Qxg7+ Kxh5 33. Rf5+ Kh4 34. Qg3# 1-0

[Event "Gibraltar Masters 15th"]
[Site "Caleta"]
[Date "2017.01.25"]
[Round "2"]
[White "Gluckman, Paul"]
[Black "Verneuil, Pascal"]
[Result "0-1"]
[WhiteElo "1831"]
[BlackElo "2215"]
[PlyCount "50"]
[EventDate "2017.01.24"]
[EventType "swiss"]
[EventRounds "10"]
[EventCountry "GGB"]
[SourceTitle "CBM 177"]
[Source "ChessBase"]
[SourceDate "2017.03.16"]
[SourceVersion "1"]
[SourceVersionDate "2017.03.16"]
[SourceQuality "1"]

1. e4 c5 2. Nf3 Nc6 3. d4 cxd4 4. Nxd4 e6 5. Nc3 Qc7 6. Be2 a6 7. 0-0 Nf6 8. Re1 Bb4 9. Nxc6 bxc6 10. Qd4 Bd6 11. g3 0-0 12. Bg5 e5 13. Qd2 Be7 14. Rad1 Rb8 15. Bxf6 Bxf6 16. Na4 Be7 17. a3 d6 18. Qc3 Be6 19. Bc4 Bd7 20. Bb3 Kh8 21. Qd3 f5 22. Qxa6 fxe4 23. Rxe4 d5 24. Ree1 Bg5 25. Rd3 Bc8 0-1

[Event "Boksburg Inter Region-ch"]
[Site "Boksburg"]
[Date "2016.12.22"]
[Round "6.3"]
[White "Gluckman, Paul"]
[Black "Naidu, Sayen"]
[Result "1-0"]
[WhiteElo "1808"]
[BlackElo "1783"]
[PlyCount "95"]
[EventDate "2016.12.20"]
[EventType "team-swiss"]
[EventRounds "7"]
[EventCountry "RSA"]
[SourceTitle "CBM 176 Extra"]
[Source "ChessBase"]
[SourceDate "2017.03.02"]
[SourceVersion "1"]
[SourceVersionDate "2017.03.02"]
[SourceQuality "1"]
[WhiteTeam "Chess WP II"]
[BlackTeam "Ethekwini"]
[WhiteTeamCountry "RSA"]
[BlackTeamCountry "RSA"]

1. e4 c5 2. Nf3 d6 3. d4 cxd4 4. Nxd4 Nf6 5. Nc3 a6 6. Be2 e5 7. Nb3 Be6 8. Bg5 Be7 9. Bxf6 Bxf6 10. Nd5 0-0 11. 0-0 Nc6 12. c3 Bg5 13. Nd2 Bxd5 14. exd5 Nb8 15. Kh1 Bxd2 16. Qxd2 f5 17. f4 e4 18. c4 Nd7 19. b4 a5 20. a3 Qf6 21. Rac1 b6 22. g4 axb4 23. axb4 Ra3 24. g5 Qe7 25. Ra1 Rfa8 26. Qb2 Rxa1 27. Rxa1 Qe8 28. Kg2 Qb8 29. Ra2 b5 30. c5 dxc5 31. bxc5 Rxa2 32. Qxa2 Qxf4 33. d6+ Kf8 34. Qa8+ Kf7 35. Qd8 Nf6 36. gxf6 Qg5+ 37. Kf1 Qc1+ 38. Kf2 Qf4+ 39. Ke1 Qc1+ 40. Bd1 Qe3+ 41. Kf1 Qf4+ 42. Ke2 Qf3+ 43. Kd2 Qd3+ 44. Kc1 Qc3+ 45. Kb1 Qb4+ 46. Ka2 Qd2+ 47. Ka3 Qc1+ 48. Kb4 1-0

[Event "Boksburg Inter Region-ch"]
[Site "Boksburg"]
[Date "2016.12.20"]
[Round "1.2"]
[White "Gluckman, Paul"]
[Black "Mlambo, Alvin"]
[Result "1-0"]
[WhiteElo "1808"]
[BlackElo "1312"]
[PlyCount "61"]
[EventDate "2016.12.20"]
[EventType "team-swiss"]
[EventRounds "7"]
[EventCountry "RSA"]
[SourceTitle "CBM 176 Extra"]
[Source "ChessBase"]
[SourceDate "2017.03.02"]
[SourceVersion "1"]
[SourceVersionDate "2017.03.02"]
[SourceQuality "1"]
[WhiteTeam "Chess WP II"]
[BlackTeam "King Catchers"]
[WhiteTeamCountry "RSA"]
[BlackTeamCountry "RSA"]

1. e4 d6 2. d4 e6 3. Nf3 Nf6 4. Bd3 g6 5. 0-0 Bg7 6. Re1 Nc6 7. Bg5 h6 8. Bh4 e5 9. c3 g5 10. dxe5 dxe5 11. Bg3 Nh5 12. Na3 Nxg3 13. hxg3 Bg4 14. Nc2 Bxf3 15. Qxf3 a6 16. Rad1 Qe7 17. Ne3 0-0 18. Nd5 Qd8 19. Bc2 Qc8 20. Bb3 g4 21. Nf6+ Bxf6 22. Qxf6 Na5 23. Qg6+ Kh8 24. Qxh6+ Kg8 25. Qg5+ Kh7 26. Qh5+ Kg8 27. Qg6+ Kh8 28. Bxf7 Rxf7 29. Qxf7 b6 30. Rd7 Qg8 31. Qf6+ 1-0

[Event "Africa-ch U18"]
[Site "Port Elizabeth"]
[Date "2016.08.27"]
[Round "8"]
[White "Gluckman, Paul"]
[Black "Van Zyl Rudd, Jack"]
[Result "0-1"]
[WhiteElo "1779"]
[BlackElo "2016"]
[PlyCount "52"]
[EventDate "2016.08.22"]
[EventType "swiss"]
[EventRounds "9"]
[EventCountry "RSA"]
[SourceTitle "CBM 174 Extra"]
[Source "ChessBase"]
[SourceDate "2016.10.10"]
[SourceVersion "1"]
[SourceVersionDate "2016.10.10"]
[SourceQuality "1"]

1. Nf3 d5 2. c4 d4 3. d3 c5 4. g3 Nc6 5. Bg2 e5 6. 0-0 Nf6 7. a3 a5 8. b3 Be7 9. Bb2 0-0 10. Nbd2 Be6 11. Re1 Qc7 12. e4 Nd7 13. h3 a4 14. Qc2 h6 15. Rad1 Nb6 16. Nb1 Rfb8 17. bxa4 Nxa4 18. Rf1 b5 19. cxb5 Rxb5 20. Nbd2 Nc3 21. Rde1 Rb6 22. Nc4 Bxc4 23. dxc4 Rba6 24. Nd2 Qb8 25. h4 R6a7 26. Bh3 Rb7 0-1

[Event "Africa-ch U18"]
[Site "Port Elizabeth"]
[Date "2016.08.24"]
[Round "5"]
[White "Gluckman, Paul"]
[Black "Roos, Lucas"]
[Result "0-1"]
[WhiteElo "1779"]
[BlackElo "1861"]
[PlyCount "98"]
[EventDate "2016.08.22"]
[EventType "swiss"]
[EventRounds "9"]
[EventCountry "RSA"]
[SourceTitle "CBM 174 Extra"]
[Source "ChessBase"]
[SourceDate "2016.10.10"]
[SourceVersion "1"]
[SourceVersionDate "2016.10.10"]
[SourceQuality "1"]

1. e4 e6 2. d4 d5 3. Nc3 Nf6 4. e5 Nfd7 5. f4 c5 6. Nf3 Nc6 7. Be3 cxd4 8. Nxd4 Bc5 9. Qd2 Nxd4 10. Bxd4 a6 11. 0-0-0 b5 12. Qf2 Qc7 13. Bxc5 Nxc5 14. a3 Bd7 15. f5 Rc8 16. fxe6 fxe6 17. Kb1 Rf8 18. Qd2 Rf5 19. Bd3 Nxd3 20. Qxd3 Qc4 21. Qg3 d4 22. Qxg7 Rf7 23. Qg8+ Ke7 24. Qg5+ Kf8 25. Qh6+ Kg8 26. Qg5+ Kh8 27. Qh5 Be8 28. Qg4 dxc3 29. Qxc4 Rxc4 30. Rd8 Re7 31. Re1 cxb2 32. Re3 Kg7 33. Kxb2 Bg6 34. Rd2 Rec7 35. c3 Re4 36. Rxe4 Bxe4 37. Rd4 Bd5 38. Rg4+ Kf7 39. Rg5 Rc4 40. Kc2 Rf4 41. Kd3 Rf5 42. Rg4 Rxe5 43. Kd4 Rf5 44. Rh4 Kg6 45. g4 Rf4+ 46. Ke5 Re4+ 47. Kd6 Rc4 48. Rh3 Rxg4 49. Re3 h5 0-1

[Event "World ol U16"]
[Site "Poprad"]
[Date "2016.07.29"]
[Round "9.1"]
[White "Wolmarans, Riekie"]
[Black "Gluckman, Paul"]
[Result "0-1"]
[WhiteElo "1429"]
[BlackElo "1923"]
[PlyCount "104"]
[EventDate "2016.07.22"]
[EventType "team-swiss"]
[EventRounds "9"]
[EventCountry "SVK"]
[SourceTitle "EXT 2017"]
[Source "ChessBase"]
[SourceDate "2016.10.25"]
[SourceVersion "1"]
[SourceVersionDate "2016.10.25"]
[SourceQuality "1"]
[WhiteTeam "South Africa III"]
[BlackTeam "South Africa"]
[WhiteTeamCountry "RSA"]
[BlackTeamCountry "RSA"]

1. d4 Nf6 2. Bf4 e6 3. Nf3 Be7 4. e3 Nh5 5. Bg3 d6 6. Bd3 Nd7 7. Nbd2 Nxg3 8. hxg3 h6 9. c3 a6 10. Qc2 b6 11. Nh2 Bb7 12. Be4 d5 13. Bd3 e5 14. dxe5 Nxe5 15. Be2 Qd7 16. 0-0-0 c6 17. Nhf3 Nxf3 18. Nxf3 Qc7 19. Qf5 g6 20. Qe5 Qxe5 21. Nxe5 Bf6 22. Nd3 Ke7 23. Rh2 Rad8 24. Rdh1 Bg7 25. g4 Rhe8 26. Rd1 a5 27. Rhh1 a4 28. Kc2 Kf8 29. Bf3 Ba6 30. Nb4 Bb7 31. Rhe1 Re6 32. Nd3 Rf6 33. Nf4 Ba6 34. Be2 Bc8 35. Nd3 c5 36. Rf1 d4 37. exd4 cxd4 38. Nc1 Rc6 39. Bb5 Rc5 40. Bxa4 Bxg4 41. f3 Bf5+ 42. Kb3 b5 43. Kb4 Rc4+ 44. Kxb5 Rdc8 45. Bb3 Bd7+ 46. Ka5 Ra8+ 47. Kb6 Rc6+ 48. Kb7 Raa6 49. f4 Bc8+ 50. Kb8 Rab6+ 51. Ka7 Rb7+ 52. Ka8 Ra6# 0-1

[Event "World ol U16"]
[Site "Poprad"]
[Date "2016.07.27"]
[Round "7.1"]
[White "Livaic, Leon"]
[Black "Gluckman, Paul"]
[Result "1-0"]
[WhiteElo "2447"]
[BlackElo "1923"]
[PlyCount "55"]
[EventDate "2016.07.22"]
[EventType "team-swiss"]
[EventRounds "9"]
[EventCountry "SVK"]
[SourceTitle "EXT 2017"]
[Source "ChessBase"]
[SourceDate "2016.10.25"]
[SourceVersion "1"]
[SourceVersionDate "2016.10.25"]
[SourceQuality "1"]
[WhiteTeam "Croatia"]
[BlackTeam "South Africa"]
[WhiteTeamCountry "CRO"]
[BlackTeamCountry "RSA"]

1. d4 Nf6 2. c4 g6 3. f3 d5 4. cxd5 Nxd5 5. e4 Nb6 6. Nc3 Bg7 7. Be3 0-0 8. Qd2 e5 9. d5 c6 10. 0-0-0 N8d7 11. h4 cxd5 12. exd5 h5 13. Kb1 Nf6 14. Nh3 Bf5+ 15. Ka1 Rc8 16. Nf2 Rxc3 17. Qxc3 Nbxd5 18. Qa3 Nxe3 19. Qxe3 Qa5 20. Bc4 Rc8 21. Bb3 Nd7 22. g4 Bc2 23. Rxd7 e4 24. Bxf7+ Kh8 25. Bb3 Rc3 26. Qg5 Rxb3 27. Qd8+ Kh7 28. Qxa5 1-0

[Event "RSA-ch U16"]
[Site "Bloemfontein"]
[Date "2016.03.24"]
[Round "9"]
[White "Van der Lingen, Cornelis Petrus"]
[Black "Gluckman, Paul"]
[Result "1/2-1/2"]
[WhiteElo "1670"]
[BlackElo "1966"]
[PlyCount "45"]
[EventDate "2016.03.20"]
[EventType "swiss"]
[EventRounds "11"]
[EventCountry "RSA"]
[SourceTitle "CBM 171 Extra"]
[Source "ChessBase"]
[SourceDate "2016.04.26"]
[SourceVersion "1"]
[SourceVersionDate "2016.04.26"]
[SourceQuality "1"]

1. e4 c5 2. Nf3 e6 3. d4 cxd4 4. Nxd4 Nf6 5. Nc3 d6 6. Be2 Be7 7. Be3 0-0 8. 0-0 a6 9. a4 Nc6 10. Nb3 Qc7 11. a5 Bd7 12. f4 e5 13. Bf3 Be6 14. Na4 exf4 15. Bd2 Ne5 16. Nb6 Rad8 17. Bxf4 Bxb3 18. cxb3 Qc5+ 19. Kh1 Rfe8 20. Nd5 Nxd5 21. Qxd5 Qxd5 22. exd5 Nxf3 23. Rxf3 1/2-1/2

[Event "RSA-ch U16"]
[Site "Bloemfontein"]
[Date "2016.03.21"]
[Round "3"]
[White "Gluckman, Paul"]
[Black "Gopaulsingh, Shivar"]
[Result "1-0"]
[WhiteElo "1966"]
[BlackElo "1764"]
[PlyCount "55"]
[EventDate "2016.03.20"]
[EventType "swiss"]
[EventRounds "11"]
[EventCountry "RSA"]
[SourceTitle "CBM 171 Extra"]
[Source "ChessBase"]
[SourceDate "2016.04.26"]
[SourceVersion "1"]
[SourceVersionDate "2016.04.26"]
[SourceQuality "1"]

1. e4 c6 2. d4 d5 3. e5 Bf5 4. Nf3 e6 5. Be2 Nd7 6. 0-0 c5 7. Be3 Rc8 8. Nc3 a6 9. Re1 Ne7 10. dxc5 Nc6 11. Na4 Qc7 12. Nh4 Qxe5 13. Nxf5 Qxf5 14. c3 Be7 15. Bd3 Qf6 16. b4 0-0 17. Qc2 h6 18. Rad1 Bd8 19. Qb2 Bc7 20. Be2 Be5 21. Bf3 Rb8 22. Qd2 Bc7 23. Nb2 Nce5 24. Be2 Qh4 25. h3 Qe7 26. h4 Rbc8 27. Qc1 Bb8 28. Qa1 1-0

[Event "RSA-ch U16"]
[Site "Bloemfontein"]
[Date "2016.03.21"]
[Round "2"]
[White "Van Wyk, Anton"]
[Black "Gluckman, Paul"]
[Result "0-1"]
[WhiteElo "1551"]
[BlackElo "1966"]
[PlyCount "50"]
[EventDate "2016.03.20"]
[EventType "swiss"]
[EventRounds "11"]
[EventCountry "RSA"]
[SourceTitle "CBM 171 Extra"]
[Source "ChessBase"]
[SourceDate "2016.04.26"]
[SourceVersion "1"]
[SourceVersionDate "2016.04.26"]
[SourceQuality "1"]

1. e4 c5 2. Nf3 e6 3. d4 cxd4 4. Nxd4 Nf6 5. Nc3 d6 6. f4 a6 7. Be3 Be7 8. Qf3 Qc7 9. 0-0-0 Nc6 10. g4 Nxd4 11. Bxd4 e5 12. f5 exd4 13. Rxd4 h6 14. h4 Qc5 15. Rc4 Qe5 16. g5 hxg5 17. hxg5 Rxh1 18. Qxh1 Qf4+ 19. Kb1 Qxg5 20. e5 dxe5 21. Rxc8+ Rxc8 22. Qxb7 Rd8 23. Bd3 Qxf5 24. Qxa6 e4 25. Qb5+ Qxb5 0-1

[Event "RSA-ch U16"]
[Site "Bloemfontein"]
[Date "2016.03.20"]
[Round "1"]
[White "Gluckman, Paul"]
[Black "Marais, Daniel Petrus"]
[Result "1/2-1/2"]
[WhiteElo "1966"]
[BlackElo "1601"]
[PlyCount "103"]
[EventDate "2016.03.20"]
[EventType "swiss"]
[EventRounds "11"]
[EventCountry "RSA"]
[SourceTitle "CBM 171 Extra"]
[Source "ChessBase"]
[SourceDate "2016.04.26"]
[SourceVersion "1"]
[SourceVersionDate "2016.04.26"]
[SourceQuality "1"]

1. e4 e5 2. Nf3 Nc6 3. Bb5 a6 4. Ba4 Nf6 5. d3 b5 6. Bb3 Be7 7. 0-0 d6 8. c3 0-0 9. Re1 Na5 10. Bc2 c5 11. h3 Nc6 12. Nbd2 Re8 13. Nf1 Bf8 14. Ng3 h6 15. d4 Bd7 16. Be3 Qc7 17. d5 Ne7 18. Nxe5 dxe5 19. d6 Qb7 20. dxe7 Bxe7 21. Qf3 Bc6 22. Qf5 Qc7 23. a4 Rad8 24. Qf3 Nh7 25. Nf5 Ng5 26. Qg4 Kh7 27. h4 Ne6 28. Qh5 Bf8 29. Qg4 g6 30. Ng3 Ng7 31. f4 h5 32. Qf3 Qe7 33. fxe5 Qxh4 34. Kf2 Nf5 35. Bf4 Nxg3 36. Bxg3 Rd2+ 37. Re2 Qg5 38. Bf4 Qh4+ 39. Ke3 Rxe2+ 40. Kxe2 Qe7 41. g4 g5 42. Be3 Qxe5 43. Qxf7+ Bg7 44. Qxh5+ Kg8 45. Qg6 Qh2+ 46. Bf2 Rf8 47. Rf1 Bd7 48. Ke1 Qf4 49. Bd1 Re8 50. Bb3+ c4 51. Bc2 Qc1+ 52. Bd1 1/2-1/2

[Event "Hastings Masters op 91st"]
[Site "Hastings"]
[Date "2015.12.31"]
[Round "4"]
[White "Gluckman, Paul"]
[Black "Eggleston, David"]
[Result "0-1"]
[WhiteElo "1742"]
[BlackElo "2396"]
[PlyCount "42"]
[EventDate "2015.12.28"]
[EventType "swiss"]
[EventRounds "9"]
[EventCountry "ENG"]
[SourceTitle "CBM 170 Extra"]
[Source "ChessBase"]
[SourceDate "2016.02.25"]
[SourceVersion "1"]
[SourceVersionDate "2016.02.25"]
[SourceQuality "1"]

1. e4 c5 2. Nf3 d6 3. Be2 Nf6 4. Nc3 Nc6 5. 0-0 Bg4 6. d3 g6 7. h3 Bxf3 8. Bxf3 Bg7 9. Bf4 0-0 10. Ne2 Nd7 11. c3 Nde5 12. Qd2 Nxf3+ 13. gxf3 f5 14. Qc2 Qd7 15. Bg3 fxe4 16. dxe4 Qxh3 17. Qb3+ Kh8 18. Nf4 Rxf4 19. Bxf4 Rf8 20. Qc2 Rxf4 21. Rfe1 Rh4 0-1